Azeem Kitabain (Record no. 273712)

000 -LEADER
fixed length control field 00285 a2200121 4500
001 - CONTROL NUMBER
control field 38639
082 ## - DEWEY DECIMAL CLASSIFICATION NUMBER
Classification number 891.4398 DAW
090 ## - LOCALLY ASSIGNED LC-TYPE CALL NUMBER (OCLC); LOCAL CALL NUMBER (RLIN)
-- 24507
-- 24507
100 ## - MAIN ENTRY--PERSONAL NAME
Personal name Dawns Robert B
245 ## - TITLE STATEMENT
Title Azeem Kitabain
Statement of responsibility, etc. Dawns Robert B
260 ## - PUBLICATION, DISTRIBUTION, ETC.
Place of publication, distribution, etc. Lahore
Name of publisher, distributor, etc. Faction House
Date of publication, distribution, etc. 1997
300 ## - PHYSICAL DESCRIPTION
Extent 311 p
942 ## - ADDED ENTRY ELEMENTS (KOHA)
Institution code [OBSOLETE] NUST-CAE
Call number prefix 891.4398 DAW
Holdings
Withdrawn status Lost status Damaged status Not for loan Collection code Permanent Location Current Location Date acquired Total Checkouts Full call number Barcode Date last seen Price effective from Koha item type
          College of Aeronautical Engineering (CAE) College of Aeronautical Engineering (CAE) 04/03/2017   891.4398 DAW CAE68739 04/05/2017 04/05/2017 Book
© 2023 Central Library, National University of Sciences and Technology. All Rights Reserved.